Barcelona public transport (no buses) - Statistics

General Stats
  • This quiz has been taken 38 times
  • The average score is 192 of 357
Answer Stats
Answer % Correct
Barcelona - Arc de Triomf
89%
Barcelona - La Sagrera - Meridiana
89%
Barcelona - Passeig de Gràcia
89%
Barcelona - Plaça de Catalunya
89%
Arc de Triomf
84%
Barcelona - Plaça Espanya
84%
Barcelona - Sants
84%
Catalunya
84%
Gràcia
84%
La sagrera
84%
La Sagrera
84%
L'Hospitalet - Avinguda Carrilet
84%
Passeig de Gràcia
84%
Zona Universitària
84%
Barcelona - El Clot
79%
Barcelona - Fabra i Puig
79%
Barcelona - Sant Andreu
79%
Barceloneta
79%
Barcelona - Torre Baró - Vallbona
74%
Bellvitge
74%
Besòs
74%
Cornellà Centre
74%
Espanya
74%
Fabra i Puig
74%
Fondo
74%
Glòries
74%
Maria Cristina
74%
Marina
74%
Sagrada Família
74%
Sant Andreu
74%
Sàrria
74%
Sarrià
74%
Torre Baró - Vallbona
74%
Trinitat Nova
74%
Universitat
74%
Urquinaona
74%
Verdaguer
74%
Aeroport T1
68%
Aeroport T2
68%
Alfons X
68%
Avinguda Tibidabo
68%
Badal
68%
Badalona - Pompeu Fabra
68%
Besòs Mar
68%
Ciutadella - Vila Olímpica
68%
Clot
68%
Diagonal
68%
Drassanes
68%
El Maresme i Fòrum
68%
Gorg
68%
Hospital Clínic
68%
Hospital de Bellvitge
68%
La Bonanova
68%
Liceu
68%
Palau Reial
68%
Plaça de Sants
68%
Poble Sec
68%
Provença
68%
Reina Elisenda
68%
Sants Estació
68%
Bellvitge - Gornal
63%
Can Tries - Gornal
63%
Casa de l'Aigua
63%
Entença
63%
Ernest Lluch
63%
Europa - Fira
63%
Florida
63%
Girona
63%
Horta
63%
Jaume I
63%
La Pau
63%
Les Corts
63%
Les Tres Torres
63%
Llefià
63%
Mercat Nou
63%
Monumental
63%
Muntaner
63%
Navas
63%
Plaça Molina
63%
Poblenou
63%
Roquetes
63%
Santa Eulàlia
63%
Sant Gervasi
63%
Sant Pau - Dos de Maig
63%
Tarragona
63%
Urgell
63%
Vall d'Hebron
63%
Artigues - Sant Adrià
58%
Avinguda Carrilet
58%
Baró de Viver
58%
Bon Pastor
58%
Can Serra
58%
Collblanc
58%
Congrés
58%
El Carmel
58%
Encants
58%
Europa - Fira
58%
Fira
58%
Fontana
58%
Hostafrancs
58%
Lesseps
58%
Magòria - La Campana
58%
Mas Blau
58%
Montbau
58%
Parc Nou
58%
Penitents
58%
Rocafort
58%
Santa Coloma
58%
Sant Antoni
58%
Sant Boi
58%
Sant Martí
58%
Selva de Mar
58%
Tetuan
58%
Torras i Bages
58%
Torrassa
58%
Trinitat Vella
58%
Vallcarca
58%
Verneda
58%
ZAL - Riu Vell
58%
Zona Franca
58%
Almeda
53%
Bac de Roda
53%
Barcelona - Estació de França
53%
Camp de l'Arpa
53%
Can Cuiàs
53%
Canyelles
53%
Can Zam
53%
Cèntric
53%
Ciutat Meridiana
53%
Colònia Güell
53%
Cornellà Riera
53%
El Prat Estació
53%
El Putxet
53%
Foc
53%
Gavarra
53%
Gornal
53%
Guinardó - Hospital de Sant Pau
53%
Joanic
53%
Maragall
53%
Mercabarna
53%
Molí Nou - Ciutat Cooperativa
53%
Mundet
53%
Pàdua
53%
Paral·lel
53%
Plaça del Centre
53%
Provençana
53%
Rambla Just Oliveras
53%
Via Júlia
53%
Vilapicina
53%
Virrei Amat
53%
Bogatell
47%
Can Ros
47%
Can Vidalet
47%
Ciutat de la Justícia
47%
El Coll - la Teixonera
47%
Foneria
47%
Fòrum
47%
Francesc Macià
47%
Ildefons Cerdà
47%
La Salut
47%
Les Moreres
47%
Llacuna
47%
Olesa de Montserrat
47%
Parc Logístic
47%
Pep Ventura
47%
Sant Ildefons
47%
Sant Josep
47%
Valldaura
47%
Can Boixeres
42%
Ecoparc
42%
El Maresme
42%
El Palau
42%
Església Major
42%
La Mina
42%
Llucmajor
42%
Martorell Vila - Castellbisbal
42%
Onze de Setembre
42%
Parc de Montjuïc
42%
Pius XII
42%
Singuerlín
42%
Avinguda de Xile
37%
Can Peixauet
37%
L'Illa
37%
Martorell Enllaç
37%
Pallejà
37%
Port Comercial - La Factoria
37%
Pubilla Cases
37%
Quatre Camins
37%
Santa Coloma de Cervelló
37%
Santa Rosa
37%
Sant Roc
37%
Sant Vicenç dels Horts
37%
Abrera
32%
Bon Viatge
32%
Estació de Sant Adrià
32%
Hospital Sant Joan Despí - TV3
32%
Martorell Central
32%
Numància
32%
Pont d'Esplugues
32%
Sant Andreu de la Barca
32%
Sant Feliu Consell Comarcal
32%
Sicília
32%
Wellington
32%
Ca n'Oliveres
26%
Fontsanta - Fatjó
26%
Les Aigües
26%
Llevant - Les Planes
26%
Montesa
26%
Auditori - Teatre Nacional
21%
Ca l'Aranyó
21%
Can Clota
21%
Can Jaumeandreu
21%
Can Rigal
21%
El Pedró
21%
Fluvià
21%
La Sardana
21%
Sant Martí de Provençals
21%
Torreblanca
21%
Walden
21%
Campus Diagonal - Besòs
16%
Ignasi Iglésias
16%
La Catalana
16%
La Fontsanta
16%
Pere IV
16%
Rambla de Sant Just
16%
Alfons el Magnànim
11%
Centre Miquel Martí i Pol
11%
Encants de Sant Adrià
11%
Espronceda
11%
Parc del Besòs
11%
Port Fòrum
11%
Sant Joan Baptista
11%
No matching quizzes found
Score Distribution
Percent of People with Each Score
Percentile by Number Answered
Your Score History
You have not taken this quiz